| 000 | 01201nam0a22002411 4500 | ||
|---|---|---|---|
| 001 | rc\930013 | ||
| 005 | 20260407132011.0 | ||
| 035 | _a(NLR Aleph) 006103317 | ||
| 090 |
_a5281949 _c5281949 |
||
| 100 | _a20041129d1982 |||y0rusy50 ca | ||
| 101 | 0 | _arus | |
| 102 | _aRU | ||
| 105 | _aa ||||||||| | ||
| 200 | 1 |
_aСнижение материалоемкости и трудоемкости сейсмостойкого строительства _eТез. докл. всесоюз. совещ. (Алма-Ата, окт. 1982 г.) |
|
| 210 |
_aМ. _cСтройиздат _d1982 |
||
| 215 |
_a112 с. _cил. _d21 |
||
| 300 | _aВ надзаг.: Центр. правл. НТО строит. индустрии, Каз. респ. правл. НТО строит. индустрии, Госстрой СССР, Госстрой КазССР, Междувед. совет по сейсмологии и сейсмостойкому стр-ву при Президиуме АН СССР | ||
| 712 | 0 | 2 |
_aНТО строительной индустрии СССР _3RU\NLR\AUTH\889989353 _9474210 |
| 801 | 0 |
_aRU _bNLR _gpsbo |
|
| 801 | 1 |
_aRU _bELAR _2rusmarc |
|
| 852 |
_aNLR _j83-3/748 |
||
| 942 | _cBOOK | ||
| 980 | _aNB | ||